Reverse Dictionary #64 - Statistics

General Stats
  • This quiz has been taken 38 times
  • The average score is 17 of 25
Answer Stats
Definition First
Letter
Word % Correct
The part of the body of an animal or human which contains the brain, mouth, and main sense organs. H Head
93%
(physiology) Liquid waste consisting of water, salts, and urea, which is made in the kidneys, stored in the bladder, then released through the urethra. U Urine
93%
A cloth-covered frame used for protection against rain or sun. U Umbrella
90%
The substance constituting Earth's atmosphere. A Air
87%
(law) A group of individuals chosen from the general population to hear and decide a case in a court of law. J Jury
87%
To sadden or displease (someone) by underperforming, or by not delivering something promised or hoped for. D Disappoint
83%
The management of money and other assets. F Finance
83%
Easily agitated or alarmed; edgy, on edge. N Nervous
80%
An item purchased for significantly less than the usual, or recommended, price. B Bargain
77%
An organ through which animals perceive surroundings via light E Eye
77%
An activity described by a set of rules, especially for the purpose of entertainment, often competitive or having an explicit goal. G Game
77%
A device containing oil, burnt through a wick for illumination. L Lamp
77%
A motive for an action or a determination. R Reason
77%
The person, place, or thing from which something (information, goods, etc.) comes or is acquired. S Source
77%
To prophesy a future event on the basis of mystical knowledge or power. P Predict
70%
Any activity designed to develop or hone a skill or ability. E Exercise
60%
The rate of occurrence of anything; the relationship between incidence and time period. F Frequency
60%
Deep-seated and/or long-term animosity or ill will about something or someone, especially due to perceived mistreatment. G Grudge
60%
To go and meet (a person) as an act of friendliness or sociability. V Visit
60%
A public gathering or mass meeting that is not mainly a protest and is organized to inspire enthusiasm for a cause. R Rally
57%
An event, such as a theatrical performance, given to raise funds for some cause. B Benefit
47%
Complex, detailed, or sophisticated. E Elaborate
37%
To move; to shift from a fixed position. B Budge
23%
Convinced based on the available evidence. S Satisfied
23%
(mineralogy) A dark waxy mineral, found associated with petroleum in some sandstones, used to make polishes. E Earthwax
3%
No matching quizzes found
Score Distribution
Percent of People with Each Score
Percentile by Number Answered
Your Score History
You have not taken this quiz